000 00566nam a2200217Ia 4500
003 OSt
005 20221007083030.0
006 a|||||r|||| 00| 0
007 ta
008 221006b |||||||| |||| 00| 0 eng d
024 _a46,247
037 _cDissertations
040 _aFLL
_cFLL
_beng
041 _2eng
_aeng
100 _aKUMAR Mohit
_9700127
245 0 _aShould there be a limit in calling article 142 of the constitution of India?
260 _c2020
300 _a113p.
_ccm.
942 _cDIS
_2CC
999 _c1168566
_d1168566